[Event "CAMPEONATO CONTINENTAL ABSOLUT"]
[Site "Hotel Torre de Cali, Cali, Co"]
[Date "2007.07.13"]
[Round "4.35"]
[White "Nina, Miguel Angel"]
[Black "Narvaez, Faber Alberto"]
[Result "1-0"]
[WhiteElo "2312"]
[BlackElo "2140"]
[PlyCount "73"]
[EventDate "2007.07.10"]

1. d4 d5 2. Nf3 Nf6 3. Bg5 c5 4. e3 Ne4 5. Bf4 c4 6. c3 Qb6 7. Qc1 Nd7 8. Nfd2
Nef6 9. Be2 h6 10. b3 cxb3 11. axb3 e6 12. c4 Bb4 13. c5 Qc6 14. Nc3 Ne4 15.
Ndxe4 dxe4 16. O-O Bxc3 17. Qxc3 O-O 18. b4 b5 19. f3 Nf6 20. Be5 Nd5 21. Qd2
exf3 22. Bxf3 Bb7 23. e4 Ne7 24. Bd6 Qd7 25. d5 Rfd8 26. Bh5 f6 27. Bg4 f5 28.
exf5 Bxd5 29. f6 Ng6 30. f7+ Kh7 31. Qc2 Qc6 32. f8=Q Rxf8 33. Rxf8 Rxf8 34.
Bxf8 Be4 35. Qf2 Nxf8 36. Qxf8 Bxg2 37. Rd1 1-0

[Event "CAMPEONATO CONTINENTAL ABSOLUT"]
[Site "Hotel Torre de Cali, Cali, Co"]
[Date "2007.07.13"]
[Round "4.36"]
[White "Franco, Angela"]
[Black "Aranha Filho, Alvaro Z"]
[Result "0-1"]
[WhiteElo "2143"]
[BlackElo "2279"]
[PlyCount "62"]
[EventDate "2007.07.10"]

1. e4 e5 2. Nf3 Qe7 3. Nc3 c6 4. d4 d6 5. h3 g6 6. Bg5 Nf6 7. Bc4 Bg7 8. O-O
Nbd7 9. a4 h6 10. Be3 O-O 11. dxe5 dxe5 12. Qe2 Nh5 13. Nh2 Nf4 14. Qd2 Nb6 15.
Bxb6 Qg5 16. Ng4 Nxh3+ 17. gxh3 Qxd2 18. Bc5 Qg5 19. Bxf8 Bxf8 20. Kh2 h5 21.
Ne3 Qh4 22. Kg1 Bh6 23. Rfe1 Bf4 24. Ng2 Qxh3 25. Nxf4 exf4 26. Bf1 Qg4+ 27.
Kh2 Qh4+ 28. Kg1 Bh3 29. Nd1 Re8 30. Ra3 Bxf1 31. Rxf1 Rxe4 0-1

[Event "CAMPEONATO CONTINENTAL ABSOLUT"]
[Site "Hotel Torre de Cali, Cali, Co"]
[Date "2007.07.13"]
[Round "4.38"]
[White "Franco, Beatriz"]
[Black "Martinez, Julian"]
[Result "0-1"]
[WhiteElo "2130"]
[BlackElo "2251"]
[PlyCount "68"]
[EventDate "2007.07.10"]

1. e4 e5 2. Nf3 Nc6 3. Bb5 a6 4. Ba4 d6 5. c3 g6 6. d4 Bd7 7. Nbd2 Bg7 8. Nf1
Nge7 9. Ng3 O-O 10. d5 Nb8 11. Bxd7 Nxd7 12. h4 h6 13. h5 g5 14. Nxg5 hxg5 15.
Bxg5 f6 16. h6 fxg5 17. hxg7 Kxg7 18. Qh5 Rh8 19. Qxg5+ Kf7 20. Rh6 Rxh6 21.
Qxh6 Nf6 22. Qh3 Qc8 23. Qh6 Qg4 24. Qe3 Rh8 25. Kd2 Qf4 26. Ke2 Ng6 27. Rg1
Qg4+ 28. Qf3 Nf4+ 29. Ke3 Qg5 30. Rh1 Rxh1 31. Nxh1 N4xd5+ 32. Ke2 Nf4+ 33. Kf1
Qg6 34. Ng3 d5 0-1

[Event "CAMPEONATO CONTINENTAL ABSOLUT"]
[Site "Hotel Torre de Cali, Cali, Co"]
[Date "2007.07.13"]
[Round "4.40"]
[White "Becerra, Juan David"]
[Black "Vittorino, Carlo"]
[Result "0-1"]
[WhiteElo "2104"]
[BlackElo "2228"]
[PlyCount "70"]
[EventDate "2007.07.10"]

1. e4 c5 2. d4 cxd4 3. c3 dxc3 4. Nxc3 Nc6 5. Nf3 d6 6. Bc4 a6 7. O-O Nf6 8. b4
Bg4 9. b5 axb5 10. Bxb5 e6 11. e5 dxe5 12. Qxd8+ Rxd8 13. Nxe5 Rc8 14. Bg5 Bf5
15. Na4 Bd6 16. Nxc6 bxc6 17. Nb6 Rc7 18. Na8 cxb5 19. Nxc7+ Bxc7 20. Bxf6 gxf6
21. Rac1 Kd7 22. Rfd1+ Bd6 23. Rd4 Ra8 24. g4 Bg6 25. Rcd1 Ra6 26. Rb4 Kc6 27.
Rc1+ Bc5 28. Rb3 Ra4 29. h3 Rd4 30. Rbc3 Rd5 31. Ra3 Kb7 32. Rb3 Kb6 33. Kg2
Rd2 34. a4 b4 35. a5+ Kb5 0-1

[Event "CAMPEONATO CONTINENTAL ABSOLUT"]
[Site "Hotel Torre de Cali, Cali, Co"]
[Date "2007.07.13"]
[Round "4.41"]
[White "Molina, Rafael"]
[Black "Montenegro, Rolando"]
[Result "0-1"]
[WhiteElo "2101"]
[BlackElo "2227"]
[PlyCount "74"]
[EventDate "2007.07.10"]

1. e4 d5 2. exd5 Nf6 3. Nc3 Nxd5 4. Nxd5 Qxd5 5. Qf3 Qxf3 6. Nxf3 Bf5 7. Bb5+
c6 8. Ba4 Nd7 9. d4 O-O-O 10. Be3 Nb6 11. Bb3 Nd5 12. Ne5 Be6 13. Bd2 f6 14.
Nc4 Nc7 15. c3 Bf5 16. O-O-O e6 17. Ne3 Bg6 18. f4 c5 19. Be1 cxd4 20. cxd4 Kb8
21. Bc3 Be4 22. Rhf1 Nd5 23. Nxd5 exd5 24. Rf2 Rc8 25. Kd2 b5 26. a3 f5 27. Rc1
Be7 28. Bd1 g5 29. g3 Rhg8 30. Be2 gxf4 31. gxf4 Bh4 32. Rff1 Rg2 33. Ke3 Rxh2
34. Bxb5 Rg8 35. Rf3 Bxf3 36. Bb4 Rg3 37. Bd6+ Kb7 0-1

[Event "CAMPEONATO CONTINENTAL ABSOLUT"]
[Site "Hotel Torre de Cali, Cali, Co"]
[Date "2007.07.13"]
[Round "4.42"]
[White "Restuccia, Francisco"]
[Black "Barros, Raul"]
[Result "0-1"]
[WhiteElo "2222"]
[BlackElo "2056"]
[PlyCount "74"]
[EventDate "2007.07.10"]

1. e4 c5 2. d4 cxd4 3. c3 dxc3 4. Nxc3 e6 5. Nf3 a6 6. Bc4 b5 7. Bb3 Bb7 8. Qe2
Ne7 9. Bg5 f6 10. Bf4 Ng6 11. Bg3 Nc6 12. O-O Bb4 13. Rfd1 Qe7 14. a3 Bc5 15.
Ba2 Nce5 16. Nd4 O-O 17. Nf5 Qe8 18. b4 Ba7 19. Nd6 Qb8 20. Kh1 Bc8 21. h4 Bb6
22. Rac1 Bc7 23. Nxc8 Rxc8 24. h5 Nf8 25. Bh4 Nf7 26. Rc2 Be5 27. Rdc1 Ra7 28.
Nd1 Rac7 29. Bb3 Rxc2 30. Rxc2 Rxc2 31. Bxc2 Qc7 32. g3 Bd4 33. Qd3 Ne5 34.
Qxd4 Qxc2 35. Kg2 Qe2 36. Nc3 Qf3+ 37. Kf1 Qxh5 0-1

[Event "CAMPEONATO CONTINENTAL ABSOLUT"]
[Site "Hotel Torre de Cali, Cali, Co"]
[Date "2007.07.13"]
[Round "4.43"]
[White "Salazar, Carlos"]
[Black "Navia, Edwin Adrian"]
[Result "1-0"]
[WhiteElo "2215"]
[BlackElo "2019"]
[PlyCount "81"]
[EventDate "2007.07.10"]

1. d4 Nf6 2. c4 g6 3. Nc3 Bg7 4. e4 d6 5. f3 O-O 6. Be3 Nc6 7. Nge2 a6 8. Qd2
Rb8 9. Nc1 e5 10. Nb3 exd4 11. Nxd4 Nxd4 12. Bxd4 Re8 13. Be2 c6 14. a4 Be6 15.
O-O d5 16. cxd5 cxd5 17. e5 Nd7 18. f4 f6 19. exf6 Nxf6 20. Rfd1 Bf5 21. Be5
Qb6+ 22. Qd4 Qxd4+ 23. Rxd4 Rbc8 24. Bf3 Ne4 25. Rxd5 Nxc3 26. bxc3 Bxe5 27.
Rxe5 Rxe5 28. fxe5 b5 29. axb5 axb5 30. Ra8 Kf7 31. Bd5+ Ke7 32. Rxc8 Bxc8 33.
Kf2 Be6 34. Bc6 Bc4 35. Ke3 Ke6 36. Kd4 g5 37. Bb7 h5 38. Bc8+ Ke7 39. Bf5 Bf1
40. g3 Bg2 41. Bd3 1-0

[Event "CAMPEONATO CONTINENTAL ABSOLUT"]
[Site "Hotel Torre de Cali, Cali, Co"]
[Date "2007.07.13"]
[Round "4.44"]
[White "Perez, Olarte Cesar Camilo"]
[Black "Saladen, Rafael"]
[Result "1/2-1/2"]
[WhiteElo "2056"]
[BlackElo "2190"]
[PlyCount "75"]
[EventDate "2007.07.10"]

1. e4 c5 2. Nf3 d6 3. d4 cxd4 4. Nxd4 Nf6 5. Nc3 Nc6 6. Be2 e5 7. Nb3 Be7 8.
O-O O-O 9. Be3 a5 10. a4 Nb4 11. f4 exf4 12. Bxf4 Be6 13. Nd4 Rc8 14. Rc1 Rxc3
15. bxc3 Na2 16. Nxe6 fxe6 17. Bc4 Nxc1 18. Bxe6+ Kh8 19. Qe1 d5 20. exd5 Bc5+
21. Kh1 Na2 22. Qa1 Nxd5 23. Rd1 Naxc3 24. Be5 Re8 25. Rxd5 Qxd5 26. Bxd5 Rxe5
27. Qxc3 Rxd5 28. Qf3 Rd8 29. g3 b6 30. Qc6 Rf8 31. Kg2 Rf6 32. Qc8+ Rf8 33.
Qc6 g6 34. Qe4 Kg7 35. Qe5+ Kg8 36. Qe6+ Kg7 37. Qe5+ Kg8 38. Qe6+ 1/2-1/2

[Event "CAMPEONATO CONTINENTAL ABSOLUT"]
[Site "Hotel Torre de Cali, Cali, Co"]
[Date "2007.07.13"]
[Round "4.45"]
[White "Remicio, Duque John"]
[Black "Rosales, Daniel"]
[Result "0-1"]
[WhiteElo "2189"]
[BlackElo "1989"]
[PlyCount "76"]
[EventDate "2007.07.10"]

1. d4 Nf6 2. Nf3 d5 3. Bf4 e6 4. e3 Be7 5. Bd3 Nbd7 6. Nbd2 b6 7. c3 Bb7 8. O-O
Nh5 9. Ne5 Nxf4 10. exf4 O-O 11. Re1 f5 12. Re3 Nxe5 13. fxe5 Qe8 14. f4 Kh8
15. Rh3 g6 16. Kh1 Rf7 17. Qf3 c5 18. Rg1 cxd4 19. cxd4 Rg7 20. g4 Qf7 21. Nf1
Rc8 22. Ne3 Bf8 23. Rhg3 Rc4 24. gxf5 gxf5 25. Rxg7 Bxg7 26. Bxc4 dxc4 27. d5
exd5 28. Ng2 d4 29. Qg3 Bf8 30. h3 Be7 31. Kh2 Qh5 32. h4 b5 33. Kh3 Qf3 34.
Ne1 Qxg3+ 35. Rxg3 b4 36. Nf3 Bxf3 37. Rxf3 d3 38. Rf2 c3 0-1

[Event "CAMPEONATO CONTINENTAL ABSOLUT"]
[Site "Hotel Torre de Cali, Cali, Co"]
[Date "2007.07.13"]
[Round "4.46"]
[White "Jukemura, Leandro"]
[Black "Buitrago, Juan Carlos"]
[Result "0-1"]
[WhiteElo "2025"]
[BlackElo "2160"]
[PlyCount "80"]
[EventDate "2007.07.10"]

1. e4 e5 2. Nf3 Nc6 3. Bb5 a6 4. Ba4 Nf6 5. Qe2 b5 6. Bb3 Be7 7. O-O O-O 8. c3
d5 9. d3 Bg4 10. Nbd2 Re8 11. h3 Bh5 12. Rd1 Bf8 13. Nf1 h6 14. g4 Bg6 15. Ng3
Na5 16. Bc2 c5 17. Nf5 Qc7 18. g5 hxg5 19. Bxg5 Bxf5 20. Bxf6 dxe4 21. dxe4
Bxh3 22. Ng5 Qc8 23. Nxh3 Qxh3 24. Rd3 Qh6 25. Kg2 Qxf6 26. Rh1 g6 27. Qg4 Bg7
28. Rf3 Qe7 29. Qh3 Qg5+ 30. Rg3 Qh5 31. Qd7 Rad8 32. Qc7 Qe2 33. Rf3 Rf8 34.
Qe7 Qxc2 35. Qh4 f6 36. Rg3 g5 37. Qh7+ Kf7 38. Rh6 Ke6 39. Rxg5 Bxh6 40. Rxe5+
fxe5 0-1

[Event "CAMPEONATO CONTINENTAL ABSOLUT"]
[Site "Hotel Torre de Cali, Cali, Co"]
[Date "2007.07.13"]
[Round "4.47"]
[White "Rios, Cristian Camilo"]
[Black "Souza Neves, Andrey M"]
[Result "1/2-1/2"]
[WhiteElo "2013"]
[BlackElo "2156"]
[PlyCount "139"]
[EventDate "2007.07.10"]

1. e4 d5 2. exd5 Nf6 3. d4 Nxd5 4. Nf3 g6 5. Be2 Bg7 6. O-O O-O 7. c4 Nb6 8.
Be3 Nc6 9. h3 e5 10. d5 e4 11. Nd4 Ne5 12. Nd2 f5 13. f4 exf3 14. N4xf3 Nxf3+
15. Nxf3 Bxb2 16. Rb1 Bg7 17. Qd2 Re8 18. Rfe1 Na4 19. Bd4 Bxd4+ 20. Qxd4 Re4
21. Qd2 Qd6 22. Bd3 Rxe1+ 23. Rxe1 Bd7 24. Qg5 Nc5 25. Bc2 Rf8 26. h4 Kg7 27.
h5 b6 28. hxg6 hxg6 29. Re7+ Rf7 30. Rxf7+ Kxf7 31. Qh6 Qf6 32. Ng5+ Ke8 33.
Nh7 Qf7 34. Ng5 Qg8 35. Nf3 Kd8 36. Ne5 Be8 37. Qg5+ Kc8 38. Bxf5+ Kb7 39. Bg4
Ba4 40. Qe7 Qe8 41. d6 Qxe7 42. dxe7 Be8 43. Kf2 Ne4+ 44. Ke3 Nf6 45. Kf4 Ng8
46. Kg5 Nxe7 47. Kf6 Nc8 48. Bxc8+ Kxc8 49. Nxg6 Kd7 50. Ne5+ Kd6 51. g4 a5 52.
Nf7+ Kc5 53. g5 Ba4 54. g6 Bc2 55. g7 Bh7 56. Ng5 Bg8 57. Kg6 Kd6 58. Kf6 c6
59. Nf7+ Kd7 60. Nh6 Bh7 61. g8=Q Bxg8 62. Nxg8 Kd6 63. Kf5 Kc5 64. Ne7 Kxc4
65. Nxc6 a4 66. Ke4 b5 67. a3 Kb3 68. Kd3 Kxa3 69. Kc3 Ka2 70. Nd4 1/2-1/2

[Event "CAMPEONATO CONTINENTAL ABSOLUT"]
[Site "Hotel Torre de Cali, Cali, Co"]
[Date "2007.07.13"]
[Round "4.48"]
[White "Sanchez Castillo, Sarai"]
[Black "Villa, Olivia Rosalba"]
[Result "1-0"]
[WhiteElo "2340"]
[BlackElo "1968"]
[PlyCount "39"]
[EventDate "2007.07.10"]

1. e4 Nf6 2. Nc3 d5 3. exd5 Nxd5 4. Nxd5 Qxd5 5. d4 c6 6. c4 Qa5+ 7. Bd2 Qc7 8.
Bd3 g6 9. Bc3 Bg7 10. Nf3 O-O 11. O-O Rd8 12. Qc2 c5 13. d5 e6 14. Bxg7 Kxg7
15. Qc3+ Kg8 16. Rfe1 b6 17. Ng5 exd5 18. cxd5 Bb7 19. Bc4 Qd6 20. Ne4 1-0

[Event "CAMPEONATO CONTINENTAL ABSOLUT"]
[Site "Hotel Torre de Cali, Cali, Co"]
[Date "2007.07.13"]
[Round "4.49"]
[White "Ostos, Julio"]
[Black "Gonzalez, Juan Manuel"]
[Result "1-0"]
[WhiteElo "2306"]
[BlackElo "2115"]
[PlyCount "79"]
[EventDate "2007.07.10"]

1. e4 c6 2. d3 d5 3. Nd2 e5 4. Ngf3 Bd6 5. g3 Nf6 6. Bg2 O-O 7. O-O Re8 8. Re1
Nbd7 9. Bh3 Nc5 10. Bxc8 Rxc8 11. b3 Qb6 12. a4 a5 13. Bb2 Ncd7 14. Re2 d4 15.
Nc4 Qc7 16. c3 dxc3 17. Bxc3 Bb4 18. Bb2 Re6 19. Rc1 c5 20. Qf1 h6 21. Qh3 Nh7
22. Ncxe5 Nxe5 23. Nxe5 Ng5 24. Qg4 Ba3 25. f4 Bxb2 26. Rxb2 Nh7 27. d4 Nf6 28.
Qf3 Qd8 29. d5 Re8 30. Kg2 Nxe4 31. Qxe4 f6 32. d6 fxe5 33. Qd5+ Kh8 34. d7
exf4 35. dxe8=Q+ Qxe8 36. gxf4 Rd8 37. Qf3 Qg6+ 38. Kh1 Rd3 39. Qxb7 Qg4 40.
Qa8+ 1-0

[Event "CAMPEONATO CONTINENTAL ABSOLUT"]
[Site "Hotel Torre de Cali, Cali, Co"]
[Date "2007.07.13"]
[Round "4.50"]
[White "Juarez Flores, Gustavo E"]
[Black "Sierra, Julian Andres"]
[Result "1-0"]
[WhiteElo "2204"]
[BlackElo "2070"]
[PlyCount "101"]
[EventDate "2007.07.10"]

1. e4 e5 2. Bc4 Nc6 3. Nf3 Be7 4. c3 d6 5. d3 Nf6 6. Qe2 O-O 7. Bb3 Na5 8. Bc2
c5 9. Nbd2 Qc7 10. Nc4 Nxc4 11. dxc4 h6 12. h3 Nh7 13. g4 Be6 14. Be3 a6 15.
Bd3 b5 16. Nd2 Rfc8 17. O-O Nf6 18. cxb5 c4 19. Bc2 axb5 20. f4 Nh7 21. f5 Bd7
22. Nf3 Bc6 23. Bd2 Re8 24. Rfd1 Nf6 25. g5 hxg5 26. Bxg5 Rad8 27. Bxf6 Bxf6
28. a4 d5 29. exd5 Bxd5 30. Rxd5 Rxd5 31. Be4 Rd7 32. a5 Red8 33. a6 Be7 34.
Kh1 Qb6 35. Nxe5 Ra7 36. Nc6 Rxa6 37. Nxe7+ Kf8 38. Rxa6 Qxa6 39. Nd5 Qh6 40.
Qg2 Qc1+ 41. Kh2 Qh6 42. f6 g6 43. Qf2 Kg8 44. Qd4 Kh8 45. Qe5 Kg8 46. Ne7+ Kh8
47. Nd5 Kg8 48. Qe7 Ra8 49. Qd7 Qd2+ 50. Bg2 Qg5 51. Ne7+ 1-0

[Event "CAMPEONATO CONTINENTAL ABSOLUT"]
[Site "Hotel Torre de Cali, Cali, Co"]
[Date "2007.07.13"]
[Round "4.52"]
[White "Santiago Lastra, Nefi"]
[Black "Panesso, Henry"]
[Result "0-1"]
[WhiteElo "2106"]
[BlackElo "2143"]
[PlyCount "128"]
[EventDate "2007.07.10"]

1. Nf3 Nf6 2. g3 g6 3. Bg2 Bg7 4. O-O O-O 5. h3 d6 6. d4 Nbd7 7. Re1 e5 8. e4
c6 9. Nbd2 Qe7 10. c3 b6 11. a4 a5 12. b3 Bb7 13. Ba3 c5 14. d5 Ne8 15. Nh2 f5
16. f3 Bh6 17. Bc1 fxe4 18. Nxe4 Bxc1 19. Rxc1 Ndf6 20. Nxf6+ Qxf6 21. Ng4 Qg7
22. Qd2 h5 23. Nf2 Nf6 24. h4 Nxd5 25. f4 Nf6 26. fxe5 dxe5 27. Bxb7 Qxb7 28.
Qg5 Qf7 29. Rcd1 Nh7 30. Qe3 Rae8 31. Rd6 Re6 32. Rxe6 Qxe6 33. Qxe5 Qxe5 34.
Rxe5 Rf3 35. Ne4 Kf7 36. Kg2 Rd3 37. Kf2 Rd1 38. Ke2 Rb1 39. Kd3 Rxb3 40. Kc4
Rb1 41. Nd6+ Kf6 42. Re3 g5 43. Rf3+ Ke6 44. Ne8 gxh4 45. Ng7+ Ke7 46. Nf5+ Ke6
47. Ng7+ Ke7 48. Nf5+ Kd7 49. gxh4 Nf6 50. Re3 Rf1 51. Re7+ Kd8 52. Re5 Ng4 53.
Rd5+ Kc7 54. Kb5 Nf6 55. Re5 Nd7 56. Rd5 Rb1+ 57. Kc4 b5+ 58. axb5 Nb6+ 59.
Kxc5 Nxd5 60. Kxd5 Rxb5+ 61. Ke4 Rxf5 62. Kxf5 a4 63. Kg5 a3 64. Kxh5 a2 0-1

[Event "CAMPEONATO CONTINENTAL ABSOLUT"]
[Site "Hotel Torre de Cali, Cali, Co"]
[Date "2007.07.13"]
[Round "4.53"]
[White "Palao, Maricela"]
[Black "Rua, Nora"]
[Result "1-0"]
[WhiteElo "2139"]
[BlackElo "1960"]
[PlyCount "53"]
[EventDate "2007.07.10"]

1. d4 d5 2. Nf3 Nf6 3. c4 c6 4. e3 Bf5 5. Nc3 e6 6. Be2 Be7 7. O-O Nbd7 8. b3
h6 9. Bb2 O-O 10. Rc1 Ne4 11. Ne5 Rc8 12. f4 Nxe5 13. fxe5 Bg5 14. Nxe4 Bxe3+
15. Nf2 Bxc1 16. Qxc1 dxc4 17. Qxc4 c5 18. dxc5 Qa5 19. Qc3 Rxc5 20. Qe3 Rcc8
21. Bd4 Rfd8 22. Ne4 Bxe4 23. Qxe4 Qxa2 24. Bd3 g6 25. Rxf7 Kxf7 26. Qxg6+ Ke7
27. Qg7+ 1-0

[Event "CAMPEONATO CONTINENTAL ABSOLUT"]
[Site "Hotel Torre de Cali, Cali, Co"]
[Date "2007.07.13"]
[Round "4.54"]
[White "Barros, Raul Junior"]
[Black "Orozco, Luz Elena"]
[Result "1/2-1/2"]
[WhiteElo "2117"]
[BlackElo "1908"]
[PlyCount "102"]
[EventDate "2007.07.10"]

1. e4 d5 2. exd5 Qxd5 3. Nc3 Qa5 4. Nf3 Bg4 5. h3 Bh5 6. g4 Bg6 7. Bg2 c6 8. d4
Nf6 9. Bf4 Nd5 10. Bd2 e6 11. Ne5 Qb6 12. Nxg6 hxg6 13. Nxd5 cxd5 14. Bc3 Nc6
15. Qd2 Bb4 16. Bxb4 Qxb4 17. Qxb4 Nxb4 18. Kd2 Rc8 19. c3 Nc6 20. Rhe1 Kd7 21.
Re3 Na5 22. b3 Rc7 23. f4 Rhc8 24. f5 gxf5 25. gxf5 Kd6 26. fxe6 fxe6 27. Rae1
Re7 28. Bxd5 Kxd5 29. Re5+ Kd6 30. Rxa5 Rh8 31. Re3 b6 32. Rg5 Rf8 33. a4 Rf2+
34. Kd3 Ref7 35. Rge5 R7f6 36. c4 Ra2 37. d5 exd5 38. Rxd5+ Kc6 39. Rg5 Rf7 40.
Reg3 Raf2 41. Rxg7 Rxg7 42. Rxg7 Rf3+ 43. Kc2 Rxh3 44. Rxa7 Kc5 45. Rc7+ Kb4
46. Rc6 Rh2+ 47. Kd3 Rh3+ 48. Kd4 Rh4+ 49. Kd5 Rh5+ 50. Kd6 Kxb3 51. Rxb6+ Kxc4
1/2-1/2

[Event "CAMPEONATO CONTINENTAL ABSOLUT"]
[Site "Hotel Torre de Cali, Cali, Co"]
[Date "2007.07.13"]
[Round "4.56"]
[White "Guerrero, Hernando"]
[Black "Bermudes, Eduardo"]
[Result "0-1"]
[WhiteElo "2041"]
[BlackElo "2138"]
[PlyCount "64"]
[EventDate "2007.07.10"]

1. e4 c5 2. Nf3 Nf6 3. d4 Nxe4 4. Bd3 Nf6 5. dxc5 Qa5+ 6. Nc3 Qxc5 7. O-O a6 8.
Bg5 d6 9. h3 Nbd7 10. Be3 Qc7 11. Re1 e6 12. Nd4 Be7 13. Nce2 O-O 14. Ng3 Ne5
15. Bf1 b5 16. b3 Bb7 17. a4 b4 18. f4 Ned7 19. Rc1 Nd5 20. Kh1 Nxe3 21. Rxe3
Rac8 22. Rd3 Nf6 23. Be2 Nd5 24. Qd2 Nc3 25. Bg4 Bd5 26. f5 e5 27. Nde2 Nxe2
28. Nxe2 Be4 29. f6 Bxf6 30. Bxc8 Qxc8 31. Rxd6 Qxh3+ 32. Kg1 Qxg2# 0-1

[Event "CAMPEONATO CONTINENTAL ABSOLUT"]
[Site "Hotel Torre de Cali, Cali, Co"]
[Date "2007.07.13"]
[Round "4.57"]
[White "Montaño, Henry"]
[Black "Chaucanes, Lina Marcela"]
[Result "0-1"]
[WhiteElo "2108"]
[BlackElo "1991"]
[PlyCount "76"]
[EventDate "2007.07.10"]

1. e4 c5 2. Nf3 Nc6 3. d4 cxd4 4. Nxd4 Nf6 5. Nc3 e6 6. a3 d6 7. Be2 Be7 8. O-O
O-O 9. Be3 e5 10. Nb3 Be6 11. Bf3 Ne8 12. Nd5 f5 13. Nxe7+ Qxe7 14. exf5 Bxf5
15. Qd2 h6 16. Rad1 Rd8 17. Rfe1 Nf6 18. h3 Qf7 19. c3 Qxb3 20. g4 Bh7 21. h4
e4 22. Be2 Ne5 23. g5 hxg5 24. hxg5 Nfg4 25. Bxa7 Qf7 26. Qd5 Bf5 27. Bb6 Rd7
28. Qxf7+ Nxf7 29. Rd5 Be6 30. Ra5 Nge5 31. Rd1 Nxg5 32. Bb5 Ngf3+ 33. Kf1 Bc4+
34. Bxc4+ Nxc4 35. Rb5 e3 36. Ke2 exf2 37. Rb4 Nxb6 38. Rxb6 Nh2 0-1

[Event "CAMPEONATO CONTINENTAL ABSOLUT"]
[Site "Hotel Torre de Cali, Cali, Co"]
[Date "2007.07.13"]
[Round "4.58"]
[White "Orozco, Lina"]
[Black "Paez, David"]
[Result "1/2-1/2"]
[WhiteElo "1969"]
[BlackElo "2048"]
[PlyCount "68"]
[EventDate "2007.07.10"]

1. e4 e6 2. d4 d5 3. exd5 exd5 4. Nf3 Bg4 5. Be2 Bd6 6. h3 Bh5 7. Be3 Ne7 8.
Nbd2 Nd7 9. c3 c6 10. Nh4 Bg6 11. Nxg6 hxg6 12. Qc2 Nf5 13. O-O-O Qe7 14. Nf1
O-O-O 15. Kb1 Rde8 16. Bd3 Qf6 17. Qd2 Nxe3 18. Nxe3 Bf4 19. Rde1 Qg5 20. g3
Bxe3 21. Rxe3 Rxe3 22. Qxe3 Qxe3 23. fxe3 Nf6 24. Kc2 Ng4 25. Kd2 Nf2 26. Rf1
Nxd3 27. Kxd3 Rxh3 28. Rxf7 Rxg3 29. Rxg7 Rg2 30. b3 g5 31. c4 g4 32. cxd5 cxd5
33. Rg5 g3 34. Rxd5 Rxa2 1/2-1/2